000 00478nam a22001817a 4500
005 20250324120349.0
008 250324b |||||||| |||| 00| 0 eng d
020 _a9781787151512
041 _aEng
082 _a332.042 COX
100 _aCox, Sarah
245 _aInternational Finance: Theory and Policy
260 _aUK
_bKruger Brentt Publisher Uk. Ltd
_c2023
300 _a370;. P. 24 cm
650 _aInternational Finance
700 _aAllen, Albert
942 _cBK
999 _c43354
_d43354